00325nam a2200121Ia 4500008004100000020001400041050001500055100002100070245004000091260003500131300002400166650001300190150202s9999 xx 000 0 und d a380750910 aFIC bFIC  aWilliam, Jeanne. aSo many kingdoms /cJeanne William. aNew York :bAvon Books,c1986. a379 pages :c18 cm. aFiction.